书目信息 |
| 题名: |
建设工程监理操作指南
|
|
| 作者: | 李明安 编著 | |
| 分册: | ||
| 出版信息: | 北京 中国建筑工业出版社 2017.06 |
|
| 页数: | 402页 | |
| 开本: | 26cm | |
| 丛书名: | ||
| 单 册: | ||
| 中图分类: | TU712.2 | |
| 科图分类: | ||
| 主题词: | 建筑工程--监理工作--指南 | |
| 电子资源: | ||
| ISBN: | 978-7-112-20499-1 | |
| 000 | 01327nam0 2200241 450 | |
| 001 | 0100004789 | |
| 005 | 20190305154730.80 | |
| 010 | @a978-7-112-20499-1@dCNY68.00 | |
| 100 | @a20170628d2017 em y0chiy50 ea | |
| 101 | 0 | @achi |
| 102 | @aCN@b110000 | |
| 105 | @aak z 000yy | |
| 200 | 1 | @a建设工程监理操作指南@Ajian she gong cheng jian li cao zuo zhi nan@f李明安编著 |
| 205 | @a2版 | |
| 210 | @a北京@c中国建筑工业出版社@d2017.06 | |
| 215 | @a402页@c图@d26cm | |
| 330 | @a本书以新修订的《建设工程监理规范》GB/T50319-2013为依据,系统介绍了建设工程监理的工作内容、程序、方法和措施,具有很强的系统性、实践性和可操作性,编者结合二十多年的建设工程监理实践经验,注重理论与实践相结合,在部分章节中列举了建设工程监理相应的操作示例,尤其对建设工程监理表格的填写提供了规范示例,并在附录中摘录了新修订的《建设工程监理规范》GB/T50319-2013条款、《建设工程监理合同(示范文本)》GF-2012-0202及《建设工程施工合同(示范文本)》GF-2013-0201相关内容,以方便读者查阅学习。第二版在原版基础上新增加了建设工程见证取样、建设工程监理相关法规章节,调整和完善了部分章节内容,使本书内容更丰富、实用性、操作性更强。 | |
| 333 | @a本书可作为监理人员工作必备的工具书 | |
| 606 | 0 | @a建筑工程@x监理工作@j指南 |
| 690 | @aTU712.2@v5 | |
| 701 | 0 | @a李明安@Ali ming an@f(1963-)@4编著 |
| 801 | 0 | @aCN@c201701015 |
| 905 | @a河南城建学院图书馆@dTU712.2@eL210=2 | |
| 建设工程监理操作指南/李明安编著.-2版.-北京:中国建筑工业出版社,2017.06 |
| 402页:图;26cm |
| 使用对象:本书可作为监理人员工作必备的工具书 |
| ISBN 978-7-112-20499-1:CNY68.00 |
| 本书以新修订的《建设工程监理规范》GB/T50319-2013为依据,系统介绍了建设工程监理的工作内容、程序、方法和措施,具有很强的系统性、实践性和可操作性,编者结合二十多年的建设工程监理实践经验,注重理论与实践相结合,在部分章节中列举了建设工程监理相应的操作示例,尤其对建设工程监理表格的填写提供了规范示例,并在附录中摘录了新修订的《建设工程监理规范》GB/T50319-2013条款、《建设工程监理合同(示范文本)》GF-2012-0202及《建设工程施工合同(示范文本)》GF-2013-0201相关内容,以方便读者查阅学习。第二版在原版基础上新增加了建设工程见证取样、建设工程监理相关法规章节,调整和完善了部分章节内容,使本书内容更丰富、实用性、操作性更强。 |
| ● |
| 相关链接 |
|
|
|
正题名:建设工程监理操作指南
索取号:TU712.2/L210=2
 
预约/预借
| 序号 | 登录号 | 条形码 | 馆藏地/架位号 | 状态 | 备注 |
| 1 | 1305095 | 213050954 | 建筑库201/201建筑库 23排3列4层/ [索取号:TU712.2/L210=2] | 在馆 | |
| 2 | 1337228 | 213372287 | 建筑库201/201建筑库 23排3列4层/ [索取号:TU712.2/L210=2] | 在馆 | |
| 3 | 1337229 | 213372296 | 建筑库201/201建筑库 23排3列4层/ [索取号:TU712.2/L210=2] | 在馆 |